Biographical encyclopaedia of Indian philosophers / (Record no. 38462)

MARC details
000 -LEADER
fixed length control field 01103nam a22002417a 4500
005 - DATE AND TIME OF LATEST TRANSACTION
control field 2010073105315.0
010 ## - LCCN (DPL NO)
LC control number ENG-97232-97233
020 ## - INTERNATIONAL STANDARD BOOK NUMBER
International Standard Book Number 9789380096322
Terms of availability 1990(set of 2 vol)
035 ## - SYSTEM CONTROL NUMBER
System control number EN-80765-80766
037 ## - SOURCE OF ACQUISITION
Source of stock number/acquisition DBAD/PUB
082 ## - DEWEY DECIMAL CLASSIFICATION NUMBER
Classification number 181.403
245 ## - TITLE STATEMENT
Title Biographical encyclopaedia of Indian philosophers /
Statement of responsibility, etc edited byM.K Singh
260 ## - PUBLICATION, DISTRIBUTION, ETC. (IMPRINT)
Place of publication, distribution, etc New Delhi
Name of publisher, distributor, etc Alfa Publications
Date of publication, distribution, etc 2009
270 ## - ADDRESS
Address 4398/5,Ansari Road Daryaganj
City New Delhi
Postal code 110002
300 ## - PHYSICAL DESCRIPTION
Extent 2v(304p,624p)
Dimensions 21cm (Hb)
500 ## - GENERAL NOTE
General note includes bibliographical references
650 ## - SUBJECT ADDED ENTRY--TOPICAL TERM
Topical term or geographic name as entry element Hindu philosopher India biography
650 ## - SUBJECT ADDED ENTRY--TOPICAL TERM
Topical term or geographic name as entry element Philosopher biography dictionary
700 ## - ADDED ENTRY--PERSONAL NAME
Personal name M K Singh
9 (RLIN) 3567
942 ## - ADDED ENTRY ELEMENTS (KOHA)
Source of classification or shelving scheme Dewey Decimal Classification
Item type English Books
Classification part 181.403
Call number suffix BIO
Holdings
Withdrawn status Lost status Not for loan Collection code Home library Current library Date acquired Source of acquisition Cost, normal purchase price Full call number Barcode Copy number Cost, replacement price Koha item type Public note
      Non-fiction D.B.Act.Division D.B.Act.Division 31/07/2010 DBAD/PUB 1990.00 181.403 BIO EN-80765 1 1990.00 English Books v1
    Not For Loan Non-fiction D.B.Act.Division D.B.Act.Division 31/07/2010 DBAD/PUB 1990.00 181.403 BIO EN-80766 1 1990.00 English Books v2

© Delhi Public Library
Hit Counter
free hit counter